000 01064nam a2200241 a 4500
001 59394
003 BD-RjUL
005 20211209080726.0
008 161224s2004 ii ||||| |||| 00| 0 eng d
020 _c: IRs. 400.00
035 _a(BD-RjUL)59518
040 _aBD-RjUL
_bben
_cBD-RjUL
041 _aben
082 _223
_a398.209541403
_bBAN 2004
245 _aবাংলার লোকসংস্কৃতির বিশ্বকোষ /
_cসম্পাদক দুলাল চৌধুরী
260 _aকলকাতা :
_bআকাদেমি অব ফোকলোর,
_c২০০৪
300 _a[৮], ৫৭৬ পৃ.;
_c২৪ সেমি.
504 _aলেখকসূচি ও আনুবিভাগ নির্দেশিকা অন্তর্ভুক্ত
650 _aলোকসাহিত্য
_zবেঙ্গল
_vঅভিধান
_9176741
650 _aFolk literature
_zBengal
_vDictionaries
_9176742
700 _aচৌধুরী, দুলাল, সম্পাদক
_9176640
942 _2ddc
_cREF
999 _c59394
_d59394